Chudoba cti netratí

Bibliographic Details
Main Author: Schramek, Ľubomír, 1944-2007 (Author)
Format: Article
Language:Slovak
PhysicalDescription:Fotogr.
ISSN:0862-5999
Subjects:

MARC

LEADER 00000nab a2200000 a 4500
001 vtls000664155
003 SK-MaSNL
005 20260304094729.0
008 250425c1998 xo 0 slo
015 |a SNBRB1998/06-17519 
035 |a CLN000016341 
035 |a urn:nbn:sk:snk-abaikd 
035 |a (urnnbn)urn:nbn:sk:snk:ar-008o28 
035 |a (uuid)cb637b84-4aee-428a-bb79-5b1ba9715910 
040 |a SNKBUCL  |b slo  |c SNKBUCL  |e AACR2 
041 0 |a slo 
044 |a xo  |c SK 
080 |a 304  |2 1997 
080 |a 308  |2 1997 
080 |a 330.59  |2 1997 
080 |a 364.1  |2 1997 
080 |a 17.023.35  |2 1997 
100 1 |a Schramek, Ľubomír,  |d 1944-2007  |4 aut  |9 105997 
245 1 0 |a Chudoba cti netratí  |c Ľubomír Schramek 
300 |b Fotogr. 
650 0 7 |a chudoba  |2 snkbucl  |9 14502 
655 7 |a články z novín a časopisov  |2 snkbucl  |9 267496 
773 0 |t Literárny týždenník  |g Roč. 11, č. 21 (1998), s. 1 a 11  |x 0862-5999 
850 |a Slovenská národná knižnica 
852 |a Slovenská národná knižnica 
954 |a odborná, vedecká literatúra pôvodná (slovenská)  |2 lita 
958 |a article14 
958 |a OND 
958 |a EUIPO 
992 |a RBX 
999 |c 2828701  |d 2830631